[Event "Deutsche Ländermeisterschaft 2025"]
[Site "Oer-Erkenschwick GER"]
[Date "2025.10.03"]
[Round "5"]
[White "Meitzner, Jonathan Franz"]
[Black "Schröder, Hannes Artur"]
[Result "0-1"]
[Termination "normal"]
[Board "8.4"]
[WhiteElo "1834"]
[BlackElo "1826"]
[WhiteClock "00:31:27"]
[BlackClock "00:30:07"]
[WhiteTeam "Thüringen"]
[BlackTeam "Mecklenburg-Vorpommern"]
[PlyCount "86"]
[WhiteFideId "34616110"]
[BlackFideId "34608818"]
[EventCountry "GER"]
[EventRounds "7"]
[EventType "team-swiss"]
[EventDate "2025.09.30"]

1. e4 {[%clk 01:30:55]} {[%emt 00:00:04]} e5 {[%clk 01:30:50]} {[%emt
00:00:10]} 2. Nf3 {[%clk 01:31:18]} {[%emt 00:00:07]} Nc6 {[%clk 01:31:15]}
{[%emt 00:00:04]} 3. Bb5 {[%clk 01:31:40]} {[%emt 00:00:09]} a6 {[%clk
01:31:40]} {[%emt 00:00:05]} 4. Ba4 {[%clk 01:32:03]} {[%emt 00:00:07]} Nf6
{[%clk 01:32:02]} {[%emt 00:00:07]} 5. Qe2 {[%clk 01:32:05]} {[%emt 00:00:29]}
b5 {[%clk 01:29:47]} {[%emt 00:02:45]} 6. Bb3 {[%clk 01:32:01]} {[%emt
00:00:33]} Bc5 {[%clk 01:30:00]} {[%emt 00:00:18]} 7. O-O {[%clk 01:31:35]}
{[%emt 00:00:56]} O-O {[%clk 01:29:27]} {[%emt 00:01:03]} 8. c3 {[%clk
01:31:25]} {[%emt 00:00:40]} d6 {[%clk 01:29:24]} {[%emt 00:00:33]} 9. h3
{[%clk 01:30:59]} {[%emt 00:00:55]} Bb7 {[%clk 01:29:06]} {[%emt 00:00:49]} 10.
Rd1 {[%clk 01:27:49]} {[%emt 00:03:36]} h6 {[%clk 01:25:34]} {[%emt 00:04:05]}
11. a4 {[%clk 01:23:36]} {[%emt 00:04:44]} Re8 {[%clk 01:15:09]} {[%emt
00:10:55]} 12. axb5 {[%clk 00:55:09]} {[%emt 00:28:57]} axb5 {[%clk 01:15:31]}
{[%emt 00:00:08]} 13. Rxa8 {[%clk 00:55:21]} {[%emt 00:00:18]} Bxa8 {[%clk
01:14:35]} {[%emt 00:01:25]} 14. d3 {[%clk 00:28:34]} {[%emt 00:27:18]} Qb8
{[%clk 01:01:37]} {[%emt 00:13:27]} 15. Nbd2 {[%clk 00:25:48]} {[%emt
00:03:16]} b4 {[%clk 00:47:36]} {[%emt 00:14:32]} 16. Re1 {[%clk 00:23:16]}
{[%emt 00:03:01]} Nh5 {[%clk 00:39:17]} {[%emt 00:08:49]} 17. Nxe5 {[%clk
00:11:59]} {[%emt 00:11:47]} Nf4 {[%clk 00:34:55]} {[%emt 00:04:52]} 18. Bxf7+
{[%clk 00:11:24]} {[%emt 00:01:05]} Kh7 {[%clk 00:25:53]} {[%emt 00:09:32]} 19.
Qf3 {[%clk 00:03:33]} {[%emt 00:08:22]} dxe5 {[%clk 00:22:03]} {[%emt
00:04:19]} 20. Bxe8 {[%clk 00:03:52]} {[%emt 00:00:12]} Qxe8 {[%clk 00:22:28]}
{[%emt 00:00:05]} 21. Nb3 {[%emt 00:00:50]} Bd6 {[%clk 00:21:20]} {[%emt
00:01:35]} 22. Bxf4 {[%clk 00:01:52]} {[%emt 00:02:11]} exf4 {[%clk 00:21:43]}
{[%emt 00:00:08]} 23. d4 {[%clk 00:01:54]} {[%emt 00:00:28]} bxc3 {[%clk
00:21:31]} {[%emt 00:00:42]} 24. bxc3 {[%clk 00:01:53]} {[%emt 00:00:31]} Qf7
{[%clk 00:18:11]} {[%emt 00:03:49]} 25. Nd2 {[%clk 00:01:24]} {[%emt 00:01:01]}
Ne7 {[%clk 00:16:58]} {[%emt 00:01:41]} 26. Qd3 {[%clk 00:01:19]} {[%emt
00:00:36]} Ng6 {[%clk 00:16:29]} {[%emt 00:00:58]} 27. e5 {[%clk 00:01:00]}
{[%emt 00:00:51]} Bf8 {[%clk 00:16:07]} {[%emt 00:00:52]} 28. h4 {[%clk
00:00:42]} {[%emt 00:00:48]} Kh8 {[%clk 00:15:45]} {[%emt 00:00:51]} 29. h5
{[%clk 00:00:38]} {[%emt 00:00:35]} Nh4 {[%clk 00:15:32]} {[%emt 00:00:42]} 30.
f3 {[%clk 00:00:34]} {[%emt 00:00:35]} Qxh5 {[%clk 00:14:54]} {[%emt 00:01:08]}
31. Qe2 {[%clk 00:00:32]} {[%emt 00:00:31]} Nf5 {[%clk 00:13:24]} {[%emt
00:01:58]} 32. Ne4 {[%clk 00:00:31]} {[%emt 00:00:33]} Ng3 {[%clk 00:11:11]}
{[%emt 00:02:43]} 33. Nxg3 {[%clk 00:00:56]} {[%emt 00:00:06]} fxg3 {[%clk
00:11:35]} {[%emt 00:00:05]} 34. Qe3 {[%clk 00:01:09]} {[%emt 00:00:17]} Qh2+
{[%clk 00:11:25]} {[%emt 00:00:40]} 35. Kf1 {[%clk 00:01:33]} {[%emt 00:00:05]}
Bd5 {[%clk 00:08:52]} {[%emt 00:03:04]} 36. Rc1 {[%clk 00:00:31]} {[%emt
00:01:32]} Bc4+ {[%clk 00:06:36]} {[%emt 00:02:46]} 37. Ke1 {[%clk 00:00:56]}
{[%emt 00:00:06]} Qh1+ {[%clk 00:06:06]} {[%emt 00:00:59]} 38. Kd2 {[%clk
00:00:53]} {[%emt 00:00:33]} Qxg2+ {[%clk 00:06:21]} {[%emt 00:00:15]} 39. Kd1
{[%clk 00:01:12]} {[%emt 00:00:09]} Qf1+ {[%clk 00:05:47]} {[%emt 00:01:06]}
40. Kc2 {[%clk 00:00:51]} {[%emt 00:00:51]} Qf2+ {[%clk 00:05:54]} {[%emt
00:00:23]} 41. Qd2 {[%clk 00:01:16]} {[%emt 00:00:05]} Bb3+ {[%clk 00:29:46]}
{[%emt 00:06:38]} 42. Kd3 {[%clk 00:31:21]} {[%emt 00:00:23]} Qxf3+ {[%clk
00:29:46]} {[%emt 00:00:32]} 43. Qe3 {[%clk 00:31:27]} {[%emt 00:00:24]} Bc4+
{[%clk 00:30:07]} {[%emt 00:00:09]} 0-1

[Event "Deutsche Ländermeisterschaft 2025"]
[Site "Oer-Erkenschwick GER"]
[Date "2025.10.03"]
[Round "5"]
[White "Wilke, Ronja"]
[Black "Ulrich, Helena Irene"]
[Result "0-1"]
[Termination "normal"]
[Board "8.5"]
[WhiteElo "1671"]
[BlackElo "1806"]
[WhiteClock "00:12:34"]
[BlackClock "00:16:59"]
[WhiteTeam "Mecklenburg-Vorpommern"]
[BlackTeam "Thüringen"]
[PlyCount "104"]
[WhiteFideId "16288378"]
[BlackFideId "16256000"]
[EventCountry "GER"]
[EventRounds "7"]
[EventType "team-swiss"]
[EventDate "2025.09.30"]

1. e4 {[%clk 01:30:57]} {[%emt 00:00:02]} c5 {[%clk 01:30:57]} {[%emt
00:00:04]} 2. c3 {[%clk 01:31:19]} {[%emt 00:00:08]} Nf6 {[%clk 01:31:24]} 3.
e5 {[%clk 01:31:41]} {[%emt 00:00:12]} Nd5 {[%clk 01:31:52]} {[%emt 00:00:02]}
4. d4 {[%clk 01:31:59]} {[%emt 00:00:12]} cxd4 {[%clk 01:32:18]} {[%emt
00:00:03]} 5. cxd4 {[%clk 01:32:23]} {[%emt 00:00:06]} e6 {[%clk 01:32:45]}
{[%emt 00:00:03]} 6. Nf3 {[%clk 01:30:13]} {[%emt 00:02:41]} d6 {[%clk
01:33:08]} {[%emt 00:00:06]} 7. Bc4 {[%clk 01:28:35]} {[%emt 00:02:08]} Nc6
{[%clk 01:33:18]} 8. O-O {[%clk 01:27:41]} {[%emt 00:01:43]} Be7 {[%clk
01:33:34]} 9. Nbd2 {[%clk 01:20:40]} {[%emt 00:07:45]} O-O {[%clk 01:31:24]}
10. Ne4 {[%clk 01:19:08]} {[%emt 00:04:41]} dxe5 {[%clk 01:13:18]} 11. dxe5
{[%clk 01:15:01]} {[%emt 00:23:15]} Qc7 {[%clk 01:11:01]} 12. Bxd5 {[%clk
01:10:00]} {[%emt 00:08:18]} exd5 {[%clk 01:11:26]} 13. Qxd5 {[%clk 01:09:00]}
{[%emt 00:01:36]} Be6 {[%clk 01:11:43]} 14. Qb5 {[%clk 01:09:00]} a6 {[%emt
00:05:52]} 15. Qe2 {[%clk 01:04:49]} Nxe5 {[%clk 01:09:42]} {[%emt 00:02:31]}
16. Bf4 {[%clk 00:59:43]} {[%emt 00:05:36]} Qc4 {[%clk 01:06:29]} {[%emt
00:03:44]} 17. Qxc4 {[%clk 00:50:48]} {[%emt 00:09:25]} Nxf3+ {[%clk 01:06:47]}
{[%emt 00:00:12]} 18. gxf3 {[%clk 00:50:51]} {[%emt 00:00:27]} Bxc4 {[%clk
01:07:14]} {[%emt 00:00:03]} 19. Rfc1 {[%clk 00:50:35]} {[%emt 00:00:44]} Bd5
{[%clk 00:55:56]} {[%emt 00:11:50]} 20. Kg2 {[%clk 00:43:39]} {[%emt 00:07:26]}
Rac8 {[%clk 00:49:43]} {[%emt 00:06:43]} 21. Bd6 {[%clk 00:39:18]} {[%emt
00:04:51]} Rxc1 {[%clk 00:42:33]} {[%emt 00:07:40]} 22. Rxc1 {[%clk 00:39:11]}
{[%emt 00:00:37]} Bxd6 {[%clk 00:42:53]} {[%emt 00:00:10]} 23. Nxd6 {[%clk
00:39:34]} {[%emt 00:00:06]} Rd8 {[%clk 00:43:20]} {[%emt 00:00:03]} 24. Rc7
{[%clk 00:37:37]} {[%emt 00:02:26]} b5 {[%clk 00:37:34]} {[%emt 00:06:16]} 25.
a3 {[%clk 00:33:43]} {[%emt 00:04:25]} h6 {[%clk 00:31:32]} {[%emt 00:06:32]}
26. Nf5 {[%clk 00:31:59]} {[%emt 00:02:11]} Be6 {[%clk 00:28:42]} {[%emt
00:03:23]} 27. Ne3 {[%clk 00:28:01]} {[%emt 00:04:27]} Rd6 {[%clk 00:26:01]}
{[%emt 00:03:11]} 28. Kg3 {[%clk 00:23:22]} {[%emt 00:05:09]} Bd7 {[%clk
00:17:38]} {[%emt 00:08:53]} 29. Ra7 {[%clk 00:21:16]} {[%emt 00:02:36]} Kh7
{[%clk 00:12:17]} {[%emt 00:05:52]} 30. b4 {[%clk 00:19:34]} {[%emt 00:02:11]}
Kg6 {[%emt 00:08:38]} 31. Kf4 {[%emt 00:04:38]} f6 {[%emt 00:03:50]} 32. Ng2
{[%emt 00:02:54]} Kh5 {[%clk 00:02:42]} {[%emt 00:00:24]} 33. Ke4 {[%clk
00:08:12]} {[%emt 00:03:33]} g5 {[%clk 00:02:41]} {[%emt 00:00:33]} 34. Rc7
{[%clk 00:04:43]} {[%emt 00:03:54]} Bc6+ {[%clk 00:02:37]} {[%emt 00:00:37]}
35. Kf5 {[%clk 00:02:54]} {[%emt 00:02:19]} Bxf3 {[%clk 00:02:04]} {[%emt
00:01:03]} 36. Ne3 {[%clk 00:02:59]} {[%emt 00:00:25]} Be2 {[%clk 00:01:48]}
{[%emt 00:00:47]} 37. Ke4 {[%clk 00:02:04]} {[%emt 00:01:25]} Bd3+ {[%clk
00:02:02]} {[%emt 00:00:16]} 38. Kf3 {[%clk 00:01:57]} {[%emt 00:00:37]} f5
{[%clk 00:01:57]} {[%emt 00:00:35]} 39. h3 {[%clk 00:01:32]} {[%emt 00:00:55]}
Kh4 {[%clk 00:01:18]} {[%emt 00:01:09]} 40. Kg2 {[%clk 00:00:48]} {[%emt
00:01:15]} f4 {[%clk 00:00:39]} {[%emt 00:01:09]} 41. Ng4 {[%clk 00:29:41]}
{[%emt 00:01:36]} Be4+ {[%clk 00:27:22]} {[%emt 00:03:47]} 42. f3 {[%clk
00:26:39]} {[%emt 00:03:31]} Rd2+ {[%clk 00:26:55]} {[%emt 00:00:57]} 43. Nf2
{[%clk 00:26:06]} {[%emt 00:01:04]} Bf5 {[%clk 00:26:38]} {[%emt 00:00:46]} 44.
Rc6 {[%clk 00:25:04]} {[%emt 00:01:33]} Bxh3+ {[%clk 00:26:36]} {[%emt
00:00:32]} 45. Kg1 {[%clk 00:24:45]} {[%emt 00:00:38]} h5 {[%clk 00:24:20]}
{[%emt 00:02:57]} 46. Rxa6 {[%clk 00:20:34]} {[%emt 00:04:42]} Bf5 {[%emt
00:02:52]} 47. Rf6 {[%clk 00:19:32]} {[%emt 00:00:05]} Bc2 {[%clk 00:22:58]}
{[%emt 00:00:55]} 48. Kg2 {[%clk 00:18:25]} {[%emt 00:01:37]} Bb3 {[%clk
00:17:31]} {[%emt 00:05:57]} 49. Rg6 {[%clk 00:15:53]} {[%emt 00:03:03]} Bd5
{[%clk 00:16:28]} {[%emt 00:01:33]} 50. Rf6 {[%clk 00:12:42]} {[%emt 00:03:41]}
g4 {[%clk 00:16:18]} {[%emt 00:00:40]} 51. Rxf4 {[%clk 00:12:37]} {[%emt
00:00:35]} Bxf3+ {[%clk 00:16:45]} {[%emt 00:00:03]} 52. Kf1 {[%clk 00:12:34]}
{[%emt 00:00:32]} Kg3 {[%clk 00:16:59]} {[%emt 00:00:16]} 0-1

[Event "Deutsche Ländermeisterschaft 2025"]
[Site "Oer-Erkenschwick GER"]
[Date "2025.10.03"]
[Round "5"]
[White "Boroshnev, Dmytro"]
[Black "Chandrasekher, Ritu"]
[Result "1-0"]
[Termination "normal"]
[Board "8.6"]
[WhiteElo "1703"]
[BlackElo "1600"]
[WhiteClock "00:28:19"]
[BlackClock "00:28:31"]
[WhiteTeam "Thüringen"]
[BlackTeam "Mecklenburg-Vorpommern"]
[PlyCount "99"]
[WhiteFideId "34163611"]
[BlackFideId "34609024"]
[EventCountry "GER"]
[EventRounds "7"]
[EventType "team-swiss"]
[EventDate "2025.09.30"]

1. e4 {[%clk 01:30:57]} d6 {[%clk 01:30:48]} {[%emt 00:00:14]} 2. d4 {[%clk
01:31:11]} {[%emt 00:00:16]} Nf6 {[%clk 01:31:12]} {[%emt 00:00:06]} 3. Bd3
{[%clk 01:31:12]} {[%emt 00:00:28]} g6 {[%clk 01:31:24]} {[%emt 00:00:19]} 4.
Nf3 {[%clk 01:30:51]} {[%emt 00:00:50]} Bg7 {[%clk 01:31:46]} {[%emt 00:00:08]}
5. O-O {[%clk 01:30:29]} {[%emt 00:00:52]} O-O {[%clk 01:32:08]} {[%emt
00:00:09]} 6. c3 {[%clk 01:30:24]} {[%emt 00:00:35]} b6 {[%clk 01:31:02]}
{[%emt 00:01:36]} 7. a4 {[%clk 01:30:00]} {[%emt 00:00:54]} Bb7 {[%clk
01:30:18]} {[%emt 00:01:14]} 8. Re1 {[%clk 01:30:20]} {[%emt 00:00:10]} a5
{[%clk 01:29:54]} {[%emt 00:00:55]} 9. Nbd2 {[%clk 01:27:15]} {[%emt 00:03:34]}
Re8 {[%clk 01:26:39]} {[%emt 00:03:45]} 10. Nf1 {[%clk 01:25:09]} {[%emt
00:02:34]} e5 {[%clk 01:25:32]} {[%emt 00:01:38]} 11. Ng3 {[%clk 01:23:13]}
{[%emt 00:02:25]} Nbd7 {[%clk 01:23:28]} {[%emt 00:02:36]} 12. Bd2 {[%clk
01:21:36]} {[%emt 00:02:07]} Nf8 {[%clk 01:18:13]} {[%emt 00:05:45]} 13. d5
{[%clk 01:10:38]} {[%emt 00:11:28]} N6d7 {[%clk 01:08:08]} {[%emt 00:10:35]}
14. Bb5 {[%clk 01:06:53]} {[%emt 00:04:15]} Qc8 {[%clk 01:03:54]} {[%emt
00:04:44]} 15. Be3 {[%clk 01:02:41]} {[%emt 00:04:42]} Ba6 {[%clk 01:01:58]}
{[%emt 00:02:26]} 16. b4 {[%clk 00:56:35]} {[%emt 00:06:36]} axb4 {[%clk
00:59:23]} {[%emt 00:03:06]} 17. cxb4 {[%clk 00:55:20]} {[%emt 00:01:44]} Bxb5
{[%clk 00:59:45]} {[%emt 00:00:09]} 18. axb5 {[%clk 00:55:41]} {[%emt
00:00:08]} Qb7 {[%clk 00:58:16]} {[%emt 00:02:00]} 19. Qc2 {[%clk 00:53:56]}
{[%emt 00:02:15]} Nf6 {[%clk 00:54:03]} {[%emt 00:04:42]} 20. h3 {[%clk
00:53:39]} {[%emt 00:00:46]} Rxa1 {[%clk 00:51:05]} {[%emt 00:03:29]} 21. Rxa1
{[%clk 00:54:02]} {[%emt 00:00:07]} N8d7 {[%clk 00:50:05]} {[%emt 00:01:31]}
22. Ra3 {[%clk 00:53:30]} {[%emt 00:01:02]} Rf8 {[%clk 00:46:18]} {[%emt
00:04:17]} 23. Qa2 {[%clk 00:52:17]} {[%emt 00:01:43]} Kh8 {[%clk 00:44:51]}
{[%emt 00:01:57]} 24. Ra7 {[%clk 00:45:38]} {[%emt 00:07:08]} Qb8 {[%clk
00:43:00]} {[%emt 00:02:20]} 25. Qa6 {[%clk 00:36:42]} {[%emt 00:09:26]} Qc8
{[%clk 00:36:36]} {[%emt 00:06:55]} 26. Bd2 {[%clk 00:22:45]} {[%emt 00:14:28]}
Kg8 {[%clk 00:34:54]} {[%emt 00:02:08]} 27. h4 {[%clk 00:22:59]} {[%emt
00:00:19]} h5 {[%clk 00:31:44]} {[%emt 00:03:41]} 28. Ng5 {[%clk 00:21:49]}
{[%emt 00:01:39]} Nh7 {[%clk 00:29:44]} {[%emt 00:02:30]} 29. Rb7 {[%clk
00:21:32]} {[%emt 00:00:46]} Nhf6 {[%clk 00:25:29]} {[%emt 00:04:45]} 30. Qa7
{[%clk 00:20:07]} {[%emt 00:01:56]} Ne8 {[%clk 00:24:22]} {[%emt 00:01:38]} 31.
f3 {[%clk 00:15:59]} {[%emt 00:04:38]} Ndf6 {[%clk 00:20:10]} {[%emt 00:04:41]}
32. Rb8 {[%clk 00:14:09]} {[%emt 00:02:19]} Qd7 {[%clk 00:20:21]} {[%emt
00:00:20]} 33. Qa6 {[%clk 00:13:22]} {[%emt 00:01:17]} Nh7 {[%clk 00:17:27]}
{[%emt 00:03:23]} 34. Rb7 {[%clk 00:12:46]} {[%emt 00:01:07]} Nxg5 {[%clk
00:14:55]} {[%emt 00:03:02]} 35. hxg5 {[%clk 00:11:50]} {[%emt 00:01:26]} Kh7
{[%clk 00:13:44]} {[%emt 00:01:42]} 36. Qxb6 {[%clk 00:10:14]} {[%emt
00:02:06]} Qd8 {[%clk 00:12:24]} {[%emt 00:01:50]} 37. Qc6 {[%clk 00:10:02]}
{[%emt 00:00:42]} f6 {[%clk 00:09:16]} {[%emt 00:03:38]} 38. b6 {[%clk
00:08:00]} {[%emt 00:02:31]} cxb6 {[%clk 00:08:54]} {[%emt 00:00:52]} 39. Qxb6
{[%clk 00:08:17]} {[%emt 00:00:13]} Qa8 {[%clk 00:06:56]} {[%emt 00:02:29]} 40.
Ra7 {[%clk 00:08:03]} {[%emt 00:00:43]} Qc8 {[%clk 00:07:17]} {[%emt 00:00:09]}
41. Qc6 {[%clk 00:08:24]} {[%emt 00:00:10]} Qb8 {[%clk 00:06:25]} {[%emt
00:01:21]} 42. Ra8 {[%clk 00:06:52]} {[%emt 00:02:02]} Qc7 {[%clk 00:05:51]}
{[%emt 00:01:04]} 43. b5 {[%clk 00:01:17]} {[%emt 00:06:05]} Qe7 {[%clk
00:02:56]} {[%emt 00:03:25]} 44. b6 {[%clk 00:30:18]} {[%emt 00:01:29]} fxg5
{[%clk 00:32:42]} {[%emt 00:00:44]} 45. b7 {[%clk 00:30:21]} {[%emt 00:00:28]}
g4 {[%clk 00:31:12]} {[%emt 00:01:59]} 46. b8=Q {[%clk 00:27:43]} {[%emt
00:03:07]} Qh4 {[%clk 00:28:58]} {[%emt 00:02:44]} 47. Qbxe8 {[%clk 00:28:00]}
{[%emt 00:00:13]} Qxg3 {[%clk 00:28:45]} {[%emt 00:00:43]} 48. Qxf8 {[%clk
00:27:59]} {[%emt 00:00:31]} Bxf8 {[%clk 00:28:08]} {[%emt 00:01:07]} 49. Rxf8
{[%clk 00:28:01]} {[%emt 00:00:28]} gxf3 {[%clk 00:28:31]} {[%emt 00:00:06]}
50. Qd7# {[%clk 00:28:19]} {[%emt 00:00:12]} 1-0

[Event "Deutsche Ländermeisterschaft 2025"]
[Site "Oer-Erkenschwick GER"]
[Date "2025.10.03"]
[Round "5"]
[White "König, Lian"]
[Black "Ignatova, Gabriela"]
[Result "1-0"]
[Termination "normal"]
[Board "8.7"]
[WhiteElo "1482"]
[BlackElo "1703"]
[WhiteClock "00:00:42"]
[BlackClock "00:00:57"]
[WhiteTeam "Mecklenburg-Vorpommern"]
[BlackTeam "Thüringen"]
[PlyCount "79"]
[WhiteFideId "34660216"]
[BlackFideId "34623698"]
[EventCountry "GER"]
[EventRounds "7"]
[EventType "team-swiss"]
[EventDate "2025.09.30"]

1. Nf3 {[%clk 01:30:59]} Nf6 {[%clk 01:30:36]} {[%emt 00:00:25]} 2. g3 {[%clk
01:31:22]} {[%emt 00:00:07]} g6 {[%clk 01:30:57]} {[%emt 00:00:08]} 3. Bg2
{[%clk 01:31:45]} {[%emt 00:00:08]} d5 {[%clk 01:31:03]} {[%emt 00:00:23]} 4.
O-O {[%clk 01:31:30]} {[%emt 00:00:45]} Bg7 {[%clk 01:31:21]} {[%emt 00:00:12]}
5. d4 {[%clk 01:30:47]} {[%emt 00:01:14]} O-O {[%clk 01:31:26]} {[%emt
00:00:24]} 6. c4 {[%clk 01:30:58]} {[%emt 00:00:20]} c5 {[%clk 01:21:00]}
{[%emt 00:10:56]} 7. Nc3 {[%clk 01:25:06]} {[%emt 00:06:21]} cxd4 {[%clk
01:20:23]} {[%emt 00:01:07]} 8. Nxd4 {[%clk 01:24:51]} {[%emt 00:00:45]} e5
{[%clk 01:11:17]} {[%emt 00:09:35]} 9. Nc2 {[%clk 01:15:53]} {[%emt 00:09:29]}
d4 {[%clk 01:03:54]} {[%emt 00:07:53]} 10. Nd5 {[%clk 01:14:39]} {[%emt
00:01:45]} Nxd5 {[%clk 01:03:32]} {[%emt 00:00:51]} 11. Bxd5 {[%clk 01:12:50]}
{[%emt 00:02:19]} Nc6 {[%clk 01:02:23]} {[%emt 00:01:39]} 12. Bg2 {[%clk
01:04:04]} {[%emt 00:09:17]} Be6 {[%clk 01:00:28]} {[%emt 00:02:24]} 13. Na3
{[%clk 00:56:05]} {[%emt 00:08:29]} Qd7 {[%clk 00:55:54]} {[%emt 00:05:04]} 14.
Qc2 {[%clk 00:42:27]} {[%emt 00:14:09]} Bf5 {[%clk 00:49:39]} {[%emt 00:06:45]}
15. Be4 {[%clk 00:37:49]} {[%emt 00:05:07]} Bxe4 {[%clk 00:42:59]} {[%emt
00:07:11]} 16. Qxe4 {[%clk 00:38:09]} {[%emt 00:00:10]} Qh3 {[%clk 00:42:11]}
{[%emt 00:01:18]} 17. Rb1 {[%clk 00:33:39]} {[%emt 00:04:59]} Rab8 {[%clk
00:36:41]} {[%emt 00:06:00]} 18. Bd2 {[%clk 00:30:07]} {[%emt 00:04:03]} Rfc8
{[%clk 00:34:06]} {[%emt 00:03:04]} 19. Rfd1 {[%clk 00:23:44]} {[%emt
00:06:53]} Ne7 {[%clk 00:30:58]} {[%emt 00:03:38]} 20. b3 {[%clk 00:20:48]}
{[%emt 00:03:27]} Qf5 {[%clk 00:30:26]} {[%emt 00:01:01]} 21. Qxf5 {[%clk
00:19:08]} {[%emt 00:02:10]} Nxf5 {[%clk 00:30:48]} {[%emt 00:00:08]} 22. Nc2
{[%clk 00:18:41]} {[%emt 00:00:57]} b5 {[%clk 00:29:43]} {[%emt 00:01:35]} 23.
Na3 {[%clk 00:12:22]} {[%emt 00:06:49]} Bf8 {[%clk 00:24:12]} {[%emt 00:06:02]}
24. Nxb5 {[%clk 00:11:05]} {[%emt 00:01:47]} a6 {[%clk 00:24:28]} {[%emt
00:00:13]} 25. Nc3 {[%clk 00:11:24]} {[%emt 00:00:11]} dxc3 {[%clk 00:24:33]}
{[%emt 00:00:25]} 26. Bxc3 {[%clk 00:11:46]} {[%emt 00:00:08]} Bg7 {[%clk
00:21:56]} {[%emt 00:03:07]} 27. Rd5 {[%clk 00:09:59]} {[%emt 00:02:17]} Nd4
{[%clk 00:13:51]} {[%emt 00:08:34]} 28. Bxd4 {[%clk 00:08:49]} {[%emt
00:01:41]} exd4 {[%clk 00:14:15]} {[%emt 00:00:06]} 29. Rd1 {[%clk 00:07:03]}
{[%emt 00:02:16]} Rd8 {[%clk 00:12:48]} {[%emt 00:01:57]} 30. Ra5 {[%clk
00:06:50]} {[%emt 00:00:43]} Rd6 {[%clk 00:10:43]} {[%emt 00:02:33]} 31. Rd3
{[%clk 00:06:13]} {[%emt 00:01:09]} Rdb6 {[%clk 00:09:16]} {[%emt 00:01:56]}
32. Kf1 {[%clk 00:05:38]} {[%emt 00:01:06]} Kf8 {[%clk 00:05:42]} {[%emt
00:04:04]} 33. Kg1 {[%clk 00:04:07]} {[%emt 00:02:01]} Ke7 {[%clk 00:05:27]}
{[%emt 00:00:45]} 34. Kg2 {[%clk 00:02:26]} {[%emt 00:02:12]} Re6 {[%clk
00:03:37]} {[%emt 00:02:19]} 35. Rd2 {[%clk 00:01:25]} {[%emt 00:01:31]} Rd6
{[%clk 00:02:08]} {[%emt 00:02:00]} 36. Rd3 {[%clk 00:01:16]} {[%emt 00:00:38]}
Rdb6 {[%clk 00:01:11]} {[%emt 00:01:26]} 37. Rd2 {[%clk 00:01:19]} {[%emt
00:00:28]} Re6 {[%clk 00:00:59]} {[%emt 00:00:43]} 38. Kf1 {[%clk 00:01:38]}
{[%emt 00:00:11]} Rbb6 {[%clk 00:00:54]} {[%emt 00:00:34]} 39. Rd3 {[%clk
00:01:34]} {[%emt 00:00:35]} Re5 {[%clk 00:00:57]} {[%emt 00:00:27]} 40. Ra4
{[%clk 00:00:42]} {[%emt 00:01:22]} 1-0